00636nam a2200229 a 4500001001300000003000900013005001700022008004100039020001000080082001500090100001500105245002000120260004400140300000900184500003500193505000800228650002700236902000800263942000700271952011500278999001300393nice12345678IN_TiNIC20260116011347.0050524s0000 kara grp 000 0 urd  ac10000a297.2bJAU aJauzi, Ibn aTalbis-E-Iblees aKarachibKarkhana Tijarat-O-Kutubc0000 a467p aincludes index and biblioraphy2 aIll aIslam-Doctrines-Iblees bSRS cBK 001040708StackRoom-aHMIbHMId2007-08-14g100.00l0o297.2 JAUp02947r2007-08-14v100.00w2005-05-24yBK c838d838